000 00680nam a22002177a 4500
999 _c7733
_d7733
003 AR-CdUCM
008 190321b ||||| |||| 00| 0 spa d
040 _aMUNICIPALIDAD PROVINCIAL DEL CUSCO
_cBIBLIOTECA MUNICIPAL DEL CUSCO
082 _a633.88378 /
_bV34
100 _aVasquez, Ricardo
_921847
245 _aEl molle /
260 _bAsociacion Pukllansunchis,
300 _a28 paginas ;
_bIlustraciones, dibujos, graficos
_c21 cm.
505 _aContenido: referente al molle y todas sus caracteristicas
650 _aMolle
_921848
650 _aArboles
_91488
650 _aPobladores
_921849
700 _azignaigo, Vadim
_921850
942 _2ddc
_cLIBROS
945 _apjha